| 000 | 00545nam a2200217Ia 4500 | ||
|---|---|---|---|
| 003 | OSt | ||
| 005 | 20140315103844.0 | ||
| 008 | 140130s9999 xx 000 0 und d | ||
| 020 | _a9780439811750 | ||
| 050 |
_aPZ 7 _b.L614Wat 2005 |
||
| 100 | _aLErangis, Peter. | ||
| 245 |
_cPeter Lerangis. _aWatchers : _blast stop / |
||
| 260 |
_bScholastic Inc., _cc2005. _aUSA : |
||
| 300 |
_a156 p. : _c23 cm. |
||
| 440 | _v1 | ||
| 521 | _aG2 | ||
| 526 | _c450 | ||
| 650 |
_aMissing persons _xJuvenile fiction. |
||
| 942 |
_cBK _2lcc |
||
| 999 |
_c40387 _d40387 |
||